Kitāb al-Tāj fī akhlāq al-mulūk /
Main Author:
Other Authors:
Format: Book
Language:
Arabic
French
Published:
al-Qāhirah :
al-Maṭbaʻah al-Amīriyah,
1914.
Edition: al-Tabʻ̣ah 1.
Series:
Renaissance des lettres arabes.
Subjects:
Tags: Add Tag
Call Number: D199.3 .J25 1914
| LEADER | 01429nam a2200313Ia 4500 | ||
|---|---|---|---|
| 003 | OSt | ||
| 005 | 20231218103230.0 | ||
| 008 | 130303s1914 ua h 000 0 ara d | ||
| 952 | |0 0 |1 0 |2 lcc |4 0 |6 D01993 J25 01914 |7 1 |9 58220 |a ARCE |b ARCE |d 2023-12-18 |l 0 |o D199.3 .J25 1914 |p 1006884 |r 2023-12-18 00:00:00 |w 2023-12-18 |y BK | ||
| 999 | |c 27230 |d 27230 | ||
| 040 | |c ARCE Library | ||
| 041 | 0 | |a ara |a fre | |
| 050 | 4 | |a D199.3 .J25 1914 | |
| 100 | 0 | |6 880-01 |a Jāḥiẓ, |d -868 or 869, |e author | |
| 245 | 1 | 0 | |6 880-02 |a Kitāb al-Tāj fī akhlāq al-mulūk / |c lil-Jāhiz ̣ ;̣ bi-tahqị̄q Ahmạd Zakī Bāshā. |
| 246 | 3 | |a Tāj fī akhlāq al-mulūk | |
| 250 | |a al-Tabʻ̣ah 1. | ||
| 264 | 1 | |a al-Qāhirah : |b al-Maṭbaʻah al-Amīriyah, |c 1914. | |
| 300 | |a 83, 266, xiv pages : |b facsimiles ; |c 27 cm. | ||
| 490 | 0 | |a Renaissance des lettres arabes. | |
| 650 | 0 | |a Kings and rulers. | |
| 650 | 0 | |a Islamic Empire |x Court and courtiers. | |
| 700 | 1 | |a Zakī, Ahmad, |d 1866 (ca.)-1934. |e ed. | |
| 740 | 3 | |a al-Tāj fī akhlāq al-mulūk. | |
| 740 | 3 | |a Livre de la couronne. | |
| 880 | 0 | |6 100-01/(3/r |a جاحظ، |d -868 أو 869. | |
| 880 | 1 | 0 | |6 245-02/(3/r |a كتاب التاج في أخلاق الملوك |c للجاحظ ؛ بتحقيق أحمد زكي باشا |
| 901 | |a reviewed | ||
| 942 | |c BK |2 lcc | ||
